| 000 | 00722cam a22002053a 4500 | ||
|---|---|---|---|
| 001 | 38780 | ||
| 003 | PGUSA | ||
| 005 | 20140828083844.0 | ||
| 008 | 120206s2012||||xxu|||||s|||||000 | eng d | ||
| 040 |
_aPGUSA _beng |
||
| 042 | _adc | ||
| 100 | 1 |
_aHoffmann, E. T. A. _q(Ernst Theodor Amadeus), _d1776-1822 |
|
| 245 | 1 | 0 |
_aLebensansichten des Katers Murr : _bnebst fragmentarischer Biographie des Kapellmeisters Johannes Kreisler in zufälligen Makulaturblättern _h[electronic resource] / _cE. T. A. Hoffmann |
| 260 |
_bProject Gutenberg, _c2012 |
||
| 506 | _aPublic domain in the USA. | ||
| 516 | _aElectronic text | ||
| 830 | 0 |
_aProject Gutenberg _v38780 |
|
| 856 | 4 | 0 | _uhttp://www.gutenberg.org/ebooks/38780 |
| 942 | _cEB | ||
| 999 |
_c268034 _d268034 |
||